[Event "Santa Fe Nelson op"]
[Site "Santa Fe"]
[Date "2018.04.14"]
[Round "2"]
[White "Reburdo, Rodrigo Hernan"]
[Black "Tschieder, Adrian"]
[Result "1-0"]
[WhiteElo "1465"]
[BlackElo "1514"]
[PlyCount "83"]
[EventDate "2018.04.14"]
[EventType "swiss"]
[EventRounds "6"]
[EventCountry "ARG"]
[SourceTitle "EXT 2019"]
[Source "ChessBase"]
[SourceDate "2018.10.10"]
[SourceVersion "1"]
[SourceVersionDate "2018.10.10"]
[SourceQuality "1"]

1. e4 Nc6 2. Nf3 e5 3. d4 exd4 4. Nxd4 Qf6 5. Be3 Bc5 6. c3 Nge7 7. Bc4 Ne5 8. Be2 Qg6 9. 0-0 Qxe4 10. Nb5 Bxe3 11. Nxc7+ Kd8 12. Nxa8 Bf4 13. Qd4 Bxh2+ 14. Kxh2 Qxe2 15. Na3 Qh5+ 16. Kg1 Ng4 17. Qd6 Qe5 18. Qxe5 Nxe5 19. Rfe1 f6 20. Nb5 b6 21. Nxa7 Bb7 22. Nxb6 Kc7 23. Nc4 Ba6 24. Nxe5 fxe5 25. a4 Kb6 26. Nb5 Bxb5 27. axb5 Ng6 28. c4 Rd8 29. b4 d5 30. Ra6+ Kb7 31. c5 d4 32. Rea1 Rb8 33. Rb6+ Kc7 34. Rxb8 Kxb8 35. b6 Ne7 36. Rc1 d3 37. Rd1 e4 38. f3 Nd5 39. b5 Nb4 40. fxe4 h5 41. e5 Kc8 42. e6 1-0

[Event "Wch U16"]
[Site "Montevideo"]
[Date "2017.09.26"]
[Round "11"]
[White "Reburdo, Rodrigo Hernan"]
[Black "Arriola, Adrian"]
[Result "0-1"]
[WhiteElo "1537"]
[BlackElo "1509"]
[PlyCount "70"]
[EventDate "2017.09.17"]
[EventType "swiss"]
[EventRounds "11"]
[EventCountry "URU"]
[SourceTitle "EXT 2018"]
[Source "ChessBase"]
[SourceDate "2017.10.13"]
[SourceVersion "1"]
[SourceVersionDate "2017.10.13"]
[SourceQuality "1"]

1. e4 c5 2. Nf3 d6 3. d4 cxd4 4. Nxd4 Nf6 5. Nc3 g6 6. Be3 Bg7 7. f3 0-0 8. Qd2 Nc6 9. Nb3 Be6 10. 0-0-0 a6 11. g4 b5 12. h4 Ne5 13. Qg2 Nc4 14. Bxc4 bxc4 15. Nd4 Qc7 16. h5 Rab8 17. hxg6 hxg6 18. Qh2 Qb7 19. b3 cxb3 20. axb3 Qb4 21. Nb1 Rfc8 22. Qd2 Bxb3 23. Qxb4 Rxb4 24. Nxb3 Rxb3 25. Kd2 Rb2 26. Rc1 Nd7 27. Kd1 Ra2 28. c3 Ne5 29. Rf1 Nc4 30. Bg1 Rb8 31. Rf2 Rxf2 32. Bxf2 Rb2 33. Ba7 a5 34. Rc2 Rxb1+ 35. Ke2 Rb2 0-1

[Event "Wch U16"]
[Site "Montevideo"]
[Date "2017.09.22"]
[Round "6"]
[White "Aguerre, Valentin"]
[Black "Reburdo, Rodrigo Hernan"]
[Result "0-1"]
[WhiteElo "1640"]
[BlackElo "1537"]
[PlyCount "124"]
[EventDate "2017.09.17"]
[EventType "swiss"]
[EventRounds "11"]
[EventCountry "URU"]
[SourceTitle "CBM 180 Extra"]
[Source "ChessBase"]
[SourceDate "2017.10.06"]
[SourceVersion "1"]
[SourceVersionDate "2017.10.06"]
[SourceQuality "1"]

1. d4 Nf6 2. Nf3 e6 3. Bf4 b6 4. e3 Bb7 5. Bd3 Be7 6. Nbd2 d6 7. Qe2 Nbd7 8. e4 c5 9. c3 Rc8 10. 0-0 0-0 11. e5 dxe5 12. dxe5 Nd5 13. Qe4 g6 14. Bh6 Re8 15. c4 Nb4 16. Qxb7 Nxd3 17. Qe4 Nb4 18. Rad1 Qc7 19. a3 Nc6 20. Bf4 Bf8 21. g4 Bg7 22. Rfe1 Rcd8 23. Nf1 Ndb8 24. g5 Ne7 25. Ne3 Qc6 26. Nd2 Rd4 27. Qxc6 Nbxc6 28. Bg3 Nxe5 29. Bxe5 Bxe5 30. Nc2 Rg4+ 31. Kh1 Bxb2 32. Ne4 Nc6 33. Re2 Bg7 34. f3 Rf4 35. Rf2 Nd4 36. Ne1 f6 37. Rxd4 cxd4 38. gxf6 Bxf6 39. Ng2 Rxe4 40. fxe4 Kg7 41. Nf4 Bg5 42. Nd3 Rf8 43. Rxf8 Kxf8 44. Kg2 Ke7 45. Kf3 h5 46. Ne5 Kf6 47. Nd7+ Kg7 48. a4 Bd8 49. Ne5 Bc7 50. Nc6 a5 51. h3 e5 52. Ne7 Kf7 53. Nc6 g5 54. Na7 Ke6 55. Nb5 Bb8 56. Na3 Kd6 57. Ke2 Kc5 58. Kd3 Kb4 59. Nb1 Kxa4 60. Nd2 Kb4 61. Nf1 a4 62. Ng3 g4 0-1

[Event "ARG-ch sf U1700 Villa Maria"]
[Site "Villa Maria"]
[Date "2017.02.19"]
[Round "7.3"]
[White "Reburdo, Rodrigo Hernan"]
[Black "Ghiberto, Franco"]
[Result "1-0"]
[WhiteElo "1488"]
[BlackElo "1190"]
[PlyCount "57"]
[EventDate "2017.02.17"]
[EventType "swiss"]
[EventRounds "9"]
[EventCountry "ARG"]
[SourceTitle "EXT 2024"]
[Source "ChessBase"]
[SourceDate "2023.10.10"]
[SourceVersion "1"]
[SourceVersionDate "2023.10.10"]
[SourceQuality "1"]

1. e4 d5 2. Nf3 dxe4 3. Ng5 Bf5 4. Bc4 e6 5. Nc3 Qxg5 6. Rg1 Nd7 7. d4 Qf6 8. Be3 Rd8 9. Qe2 c5 10. d5 Bd6 11. g3 Ne7 12. 0-0-0 0-0 13. g4 Bg6 14. dxe6 Bf4 15. exd7 Bxe3+ 16. Qxe3 h6 17. Qxc5 b6 18. Qe3 Qc6 19. Bb5 Qb7 20. f4 f5 21. g5 Nc6 22. gxh6 gxh6 23. Rxg6+ Kh7 24. Bxc6 Qc7 25. Rdd6 Rf7 26. Rxh6+ Kg8 27. Rdg6+ Kf8 28. Rh8+ Ke7 29. Nd5# 1-0

[Event "ARG-ch sf U1700 Villa Maria"]
[Site "Villa Maria"]
[Date "2017.02.19"]
[Round "8.4"]
[White "Zandrino, Faustino"]
[Black "Reburdo, Rodrigo Hernan"]
[Result "1/2-1/2"]
[WhiteElo "1415"]
[BlackElo "1488"]
[PlyCount "66"]
[EventDate "2017.02.17"]
[EventType "swiss"]
[EventRounds "9"]
[EventCountry "ARG"]
[SourceTitle "EXT 2024"]
[Source "ChessBase"]
[SourceDate "2023.10.10"]
[SourceVersion "1"]
[SourceVersionDate "2023.10.10"]
[SourceQuality "1"]

1. e4 c5 2. Nf3 d6 3. d4 cxd4 4. Qxd4 a6 5. Nc3 Nc6 6. Qd1 Nf6 7. Bc4 e6 8. Bg5 Be7 9. 0-0 0-0 10. Qd2 b5 11. Bb3 Bb7 12. Rfd1 Ne8 13. Bxe7 Qxe7 14. Qf4 Rd8 15. Rd2 Na5 16. Rad1 Nxb3 17. axb3 e5 18. Qg5 Nf6 19. Nd5 Bxd5 20. exd5 Qc7 21. Qe3 Rc8 22. Nh4 g6 23. Nf3 Kg7 24. h3 Qc5 25. c3 Qxe3 26. fxe3 Ne4 27. Rc2 Nc5 28. b4 Na4 29. Rdc1 Nb6 30. e4 Rc7 31. b3 Rfc8 32. Nd2 f5 33. c4 Nd7 1/2-1/2

[Event "Pan American-ch U16 27th"]
[Site "Montevideo"]
[Date "2016.07.31"]
[Round "9"]
[White "Reburdo, Rodrigo Hernan"]
[Black "Appoloni, Juan"]
[Result "1/2-1/2"]
[WhiteElo "1470"]
[BlackElo "1564"]
[PlyCount "55"]
[EventDate "2016.07.25"]
[EventType "swiss"]
[EventRounds "9"]
[EventCountry "URU"]
[SourceTitle "EXT 2017"]
[Source "ChessBase"]
[SourceDate "2016.10.25"]
[SourceVersion "1"]
[SourceVersionDate "2016.10.25"]
[SourceQuality "1"]

1. e4 c5 2. Nf3 d6 3. d4 cxd4 4. Nxd4 Nf6 5. Nc3 e6 6. Bg5 Be7 7. Ndb5 a6 8. Bxf6 gxf6 9. Nd4 Bd7 10. Qg4 Bf8 11. Bc4 Qe7 12. Qf3 Nc6 13. Nxc6 Bxc6 14. Qe3 h5 15. f3 Bh6 16. Qe2 Qc7 17. Bb3 b5 18. a4 bxa4 19. Bxa4 Bxa4 20. Nxa4 Qa5+ 21. Kf2 Ke7 22. Rhd1 Rhd8 23. Kf1 Qb5 24. Qxb5 axb5 25. Nc3 b4 26. Nb5 Rxa1 27. Rxa1 Be3 28. Ke2 1/2-1/2

[Event "Pan American-ch U16 27th"]
[Site "Montevideo"]
[Date "2016.07.26"]
[Round "2"]
[White "Reburdo, Rodrigo Hernan"]
[Black "Chaluja, Jose Antonio"]
[Result "1-0"]
[WhiteElo "1470"]
[BlackElo "1864"]
[PlyCount "75"]
[EventDate "2016.07.25"]
[EventType "swiss"]
[EventRounds "9"]
[EventCountry "URU"]
[SourceTitle "EXT 2017"]
[Source "ChessBase"]
[SourceDate "2016.10.25"]
[SourceVersion "1"]
[SourceVersionDate "2016.10.25"]
[SourceQuality "1"]

1. e4 c5 2. Nf3 d6 3. d4 cxd4 4. Nxd4 Nf6 5. Nc3 g6 6. Be3 Nc6 7. Nb3 Bg7 8. f3 Be6 9. Qd2 0-0 10. 0-0-0 Bxb3 11. cxb3 Rc8 12. Bh6 Nb4 13. Kb1 Bxh6 14. Qxh6 Qa5 15. a3 Rxc3 16. axb4 Qxb4 17. bxc3 Qxb3+ 18. Kc1 Qxc3+ 19. Kb1 Qb4+ 20. Kc2 Rc8+ 21. Kd3 Qb2 22. Rd2 Qc1 23. Ke2 Nd7 24. g3 Ne5 25. Bg2 Qc4+ 26. Kf2 Nd3+ 27. Ke3 Nc1 28. Rhd1 Qc5+ 29. Kf4 Qe5+ 30. Kg4 f5+ 31. exf5 Qxf5+ 32. Kh4 Rc4+ 33. g4 Qe5 34. Kh3 Ne2 35. Bf1 Ng1+ 36. Kg2 Rf4 37. Kxg1 Qe3+ 38. Kh1 1-0

[Event "ARG-ch U16 sf"]
[Site "Villaguay"]
[Date "2016.02.23"]
[Round "1.5"]
[White "Reburdo, Rodrigo Hernan"]
[Black "Leto, Enzo"]
[Result "0-1"]
[WhiteElo "1398"]
[BlackElo "2014"]
[PlyCount "40"]
[EventDate "2016.02.23"]
[EventType "swiss"]
[EventRounds "8"]
[EventCountry "ARG"]
[SourceTitle "EXT 2024"]
[Source "ChessBase"]
[SourceDate "2023.10.10"]
[SourceVersion "1"]
[SourceVersionDate "2023.10.10"]
[SourceQuality "1"]

1. c4 Nf6 2. Nc3 g6 3. g3 Bg7 4. Bg2 0-0 5. Nf3 d6 6. 0-0 Nc6 7. a3 a5 8. d4 Bf5 9. e3 e5 10. Nh4 Bg4 11. Qd2 a4 12. dxe5 dxe5 13. Qc2 Qe7 14. Nxa4 e4 15. Bh1 Ne5 16. Bxe4 Nxe4 17. f3 Bd7 18. Qxe4 Bc6 19. Qc2 Bxa4 20. Qe2 Bb3 0-1